| 000 | 01170nam a22002057a 4500 | ||
|---|---|---|---|
| 005 | 20260202141317.0 | ||
| 006 | a|||||r||||||||||| | ||
| 008 | s1999 enka || 000 ||eng d | ||
| 020 | _a0748736743 | ||
| 040 |
_aGR-AtMCL _bgre _dGR-AtMCL _eAACR2 |
||
| 100 |
_aCrawshaw, Janet _910318 |
||
| 245 | 1 | 0 |
_aGCSE intermediate maths / _cJ. Crawshaw and P. Langley. |
| 260 |
_aCheltenham : _bStanley Thornes, _c1999. |
||
| 300 |
_a580 p. ; _c28 cm. |
||
| 520 | _aThis title includes two books in one: a textbook and an in-built staged revision programme. It offers student-friendly revision and summary pages that really work for students. It is developed by widely respected authors. Reinforcing techniques and facts, it presents Maths 'toolbox' approach to solving problems. Support is provided for all traditionally difficult areas, as well as on-page hints and reminders to aid understanding. It also offers exam practice throughout, past questions at the end of every chapter and end-of-stage mixed exam questions to thoroughly prepare students for the exams. | ||
| 650 | 0 |
_aMathematics _99905 |
|
| 700 | 1 |
_aLangley, P. _q(Paul) |
|
| 942 | _cBK | ||
| 999 |
_c10101 _d10101 |
||